It looks like you're offline.
Open Library logo
additional options menu

MARC record from Internet Archive

LEADER: 00892cam a2200253 a 4500
001 2736670
003 SIRSI
008 700701s1839 fr g 000 j fre d
040 $aCaOTU$beng$cCaOTSM$dCaOTSM$dCaOTU
055 4 $aPQ2435$b.A65 1839
100 1 $aStendhal,$d1783-1842.
240 10 $aShort stories.$kSelections.
245 12 $aL'abbesse de Castro /$cpar M. de Stendhal.
260 $aParis :$bDumont, éditeur,$c1839.
300 $a329 p. ;$c21 cm.
505 00 $tL'abbesse de Castro --$tVittoria Accoramboni, duchesse de Braggiano --$tLes Cenci, 1599.
596 $a26 31
700 12 $aStendhal,$d1783-1842.$tVittoria Accoramboni.
700 12 $aStendhal,$d1783-1842.$tCenci, 1599.
740 02 $aVittoria Accoramboni.
740 02 $aCenci, 1599.
948 $a05/25/1999$b05/25/1999
926 $aROBARTS$bSTACKS$cPQ2435 .A65 1839$dBOOK$f1
926 $aSTMICHAELS$bSABLE$cDomfront 199 SMRS$dBOOK$f1